000
00489nam a2200181Ia 4500
008
100917s9999 xx 000 0 und d
082
_b
23280
100
_a
दिघे प््रा. तु.
245
_a
रूपाली
260
_b
प्रिया प्रकाशन
_c
1974
300
_a
148
365
_b
9
520
_a
कादंबरी
630
_a
रूपाली
650
_a
कादंबरी
730
_a
रूपाली
942
_c
BOOK
999
_c
628674
_d
628671